Finish the lyrics - Statistics

General Stats
  • This quiz has been taken 225 times
  • The average score is 3 of 14
Answer Stats
Lyrics Answer % Correct
All my friends are heathens take it slow Wait for them to ask you who you know
47%
I'm in the love with the shape of you We push and pull like a magnet do
47%
Send my love to your new lover Treat her better
43%
Come on, come on, turn the radio on It's Friday night and I won't be long
41%
We were staying in Paris To get away from your parents
30%
I just wanna Rolly Rolly Rolly with a dab of ranch I already got some designer to hold up my pants
26%
So don't let me, don't let me, don't let me down I think I'm losing my mind now
22%
I didn't know that I was starving till I tasted you Don't need no butterflies when you give me the whole damn zoo
17%
I live my day as it was the last Live my day as if there was no past
10%
Into cold, cold water for you And although time may take us into different places
6%
Purse so heavy gettin' Oprah dollas Boss Michelle Obama
6%
I know I could lie but I'm telling the truth Wherever I go there's a shadow of you
6%
When, when the fire's at my feet again And the vultures all start circling
2%
You gotta go and get angry at all of my honesty You know I try but I don't do to well with apologies
1%
No matching quizzes found
Score Distribution
Percent of People with Each Score
Percentile by Number Answered
Your Score History
You have not taken this quiz